Psychosocial issues in palliative care : a community based approach for life limiting illness
Saved in:
| Other Authors | , |
|---|---|
| Format | Electronic eBook |
| Language | English |
| Published |
New York, NY :
Oxford University Press,
2018.
|
| Edition | Third edition. |
| Subjects | |
| Online Access | Full text |
| ISBN | 9780192529428 9780191844249 9780198806677 |
| Physical Description | 1 online zdroj |
| LEADER | 00000nam a2200000 i 4500 | ||
|---|---|---|---|
| 001 | 114037 | ||
| 003 | CZ-ZlUTB | ||
| 005 | 20260522134319.0 | ||
| 006 | m o d | ||
| 007 | cr cnu|||unuuu | ||
| 008 | 180316t20182018nyu eo 001 0 eng d | ||
| 020 | |a 9780192529428 |q (electronic bk.) | ||
| 020 | |a 9780191844249 | ||
| 020 | |z 9780198806677 | ||
| 040 | |a EBZ |b eng |c EBZ |e rda | ||
| 072 | 7 | |a 616 |x Patologie. Klinická medicína |2 Konspekt |9 14 | |
| 080 | |a 616-093.75 |2 MRF | ||
| 080 | |a 159.9 |2 MRF | ||
| 080 | |a 304 |2 MRF | ||
| 080 | |a 616-036.88-052 |2 MRF | ||
| 080 | |a (0.034.2:08) |2 MRF | ||
| 080 | |a (078.7) |2 MRF | ||
| 080 | |a (048.8:082) |2 MRF | ||
| 245 | 0 | 0 | |a Psychosocial issues in palliative care : |b a community based approach for life limiting illness / |c edited by Mari Lloyd-Williams ; with a foreword by Stein Kaasa. |
| 250 | |a Third edition. | ||
| 264 | 1 | |a New York, NY : |b Oxford University Press, |c 2018. | |
| 264 | 4 | |c ©2018 | |
| 300 | |a 1 online zdroj | ||
| 336 | |a text |b txt |2 rdacontent | ||
| 337 | |a počítač |b c |2 rdamedia | ||
| 338 | |a online zdroj |b cr |2 rdacarrier | ||
| 504 | |a Obsahuje bibliografie a rejstřík | ||
| 506 | |a Plný text je dostupný pouze z IP adres počítačů Univerzity Tomáše Bati ve Zlíně nebo vzdáleným přístupem pro zaměstnance a studenty | ||
| 588 | 0 | |a Vendor-supplied metadata. | |
| 650 | 0 | 7 | |a paliativní péče |7 ph123911 |x psychologické aspekty |2 czenas |
| 650 | 0 | 7 | |a paliativní péče |7 ph123911 |x sociální aspekty |2 czenas |
| 650 | 0 | 7 | |a nevyléčitelně nemocní |7 ph123280 |2 czenas |
| 650 | 0 | 9 | |a palliative care |x psychological aspects |2 eczenas |
| 650 | 0 | 9 | |a palliative care |x social aspects |2 eczenas |
| 650 | 0 | 9 | |a incurables |2 eczenas |
| 655 | 7 | |a elektronické knihy |7 fd186907 |2 czenas | |
| 655 | 7 | |a případové studie |7 fd133208 |2 czenas | |
| 655 | 7 | |a kolektivní monografie |7 fd501537 |2 czenas | |
| 655 | 9 | |a electronic books |2 eczenas | |
| 655 | 9 | |a case studies |2 eczenas | |
| 655 | 9 | |a collective monographs |2 eczenas | |
| 700 | 1 | |a Lloyd-Williams, Mari, |e editor. | |
| 700 | 1 | |a Kaasa, Stein, |e writer of foreword. | |
| 776 | 0 | 8 | |i Print version: |t Psychosocial issues in palliative care. |b Third edition. |d New York, NY : Oxford University Press, 2018 |z 0198806671 |z 9780198806677 |
| 856 | 4 | 0 | |u https://search.ebscohost.com/login.aspx?direct=true&scope=site&db=nlebk&db=nlabk&AN=1732734&authtype=ip,shib&custid=s3936755 |
| 942 | |2 udc | ||
| 992 | |c EBOOK-TN |c EBSCO | ||
| 993 | |x NEPOSILAT |y EIZ | ||
| 999 | |c 114037 |d 114037 | ||